[Event "GRE-ch South U12"]
[Site "Athens"]
[Date "2020.09.01"]
[Round "7"]
[White "Larkin, Leonidas"]
[Black "Vener, Georgios"]
[Result "1-0"]
[WhiteElo "1136"]
[BlackElo "1054"]
[PlyCount "129"]
[EventDate "2020.08.28"]
[EventType "swiss"]
[EventRounds "9"]
[EventCountry "GRE"]
[SourceTitle "EXT 2023"]
[Source "ChessBase"]
[SourceDate "2022.10.05"]
[SourceVersion "1"]
[SourceVersionDate "2022.10.05"]
[SourceQuality "1"]

1. e4 e6 2. d3 d5 3. Nd2 c5 4. Ngf3 Nc6 5. g3 Bd6 6. Bg2 Nge7 7. 0-0 0-0 8. Re1 Qc7 9. c3 b6 10. Nf1 a5 11. a4 Ba6 12. h4 b5 13. axb5 Bxb5 14. N1h2 Rfb8 15. Qe2 dxe4 16. Qxe4 Rd8 17. Ng5 g6 18. c4 Ba6 19. Qf3 Nf5 20. Qxc6 Qxc6 21. Bxc6 Rac8 22. Be4 Bc7 23. Bxf5 exf5 24. Re7 Rxd3 25. b3 Rxb3 26. Rxf7 Bxg3 27. fxg3 Rxg3+ 28. Kf2 Bxc4 29. Rxh7 Rxg5 30. Bxg5 Kxh7 31. Rxa5 Bd5 32. Be7 Rb8 33. Bf6 Ra8 34. Rxc5 Be4 35. Ke3 Ra3+ 36. Rc3 Rxc3+ 37. Bxc3 Kh6 38. Bf6 Bb1 39. Bg5+ Kg7 40. Kf4 Bc2 41. Ke5 Kf7 42. Nf3 Bb1 43. Bf6 Bc2 44. Ng5+ Kg8 45. Ke6 Kf8 46. Be5 Bb1 47. Kf6 f4 48. Bxf4 Kg8 49. Nf3 Kh7 50. Nd4 Bd3 51. Ne6 Kg8 52. Bd6 Kh7 53. Bf8 Bb1 54. Bg7 Kg8 55. Nf8 Bc2 56. Bh6 g5 57. Kxg5 Bd1 58. Ng6 Be2 59. Ne5 Kh7 60. Bf8 Bd1 61. Ng4 Bb3 62. Nf6+ Kh8 63. h5 Bc2 64. h6 Bb1 65. Bg7# 1-0

[Event "GRE-ch South U12"]
[Site "Athens"]
[Date "2020.08.29"]
[Round "2"]
[White "Kavvadias, Dimitrios"]
[Black "Larkin, Leonidas"]
[Result "0-1"]
[WhiteElo "1017"]
[BlackElo "1136"]
[PlyCount "106"]
[EventDate "2020.08.28"]
[EventType "swiss"]
[EventRounds "9"]
[EventCountry "GRE"]
[SourceTitle "EXT 2023"]
[Source "ChessBase"]
[SourceDate "2022.10.05"]
[SourceVersion "1"]
[SourceVersionDate "2022.10.05"]
[SourceQuality "1"]

1. e4 e6 2. d4 d5 3. Nd2 Nf6 4. e5 Nfd7 5. Ngf3 c5 6. c3 cxd4 7. cxd4 Nc6 8. Bb5 a6 9. Bd3 Qc7 10. Qc2 h6 11. 0-0 Qb6 12. Nb3 Nb4 13. Qe2 Nxd3 14. Qxd3 Be7 15. Bd2 0-0 16. Ba5 Qb5 17. Qxb5 axb5 18. Bd2 Nb6 19. a3 Nc4 20. Bc3 b6 21. Nfd2 Bd7 22. Rfe1 Rfc8 23. Rac1 Bg5 24. g3 Nxd2 25. Bxd2 Bxd2 26. Nxd2 f6 27. f4 Kf7 28. Kg2 g5 29. h4 gxf4 30. gxf4 Rg8+ 31. Kf3 Rac8 32. Rg1 Rxg1 33. Rxg1 Rc2 34. Nf1 Rxb2 35. h5 Rb3+ 36. Ne3 Rxa3 37. Rg6 b4 38. Rxh6 f5 39. Rf6+ Kg8 40. Rg6+ Kh7 41. Rf6 b3 42. Rf7+ Kh6 43. Rf8 b2 44. Rf6+ Kxh5 45. Rf8 b1Q 46. Rh8+ Kg6 47. Rg8+ Kf7 48. Rg2 Qe4+ 49. Kg3 Qxe3+ 50. Kh2 Qxf4+ 51. Kh1 Ra1+ 52. Rg1 Rxg1+ 53. Kxg1 Qxd4+ 0-1